| 000 | 01324cam a22003617a 4500 | ||
|---|---|---|---|
| 003 | CHAP | ||
| 005 | 20220329141332.0 | ||
| 008 | 971013s1988 r 00010 d | ||
| 010 | _a66579 | ||
| 011 | _a67551 | ||
| 035 | _a77021 | ||
| 040 | _cCHAP | ||
| 090 | _aTesis | ||
| 100 | 0 | 0 |
_aVázquez Soto, Francisco Magadaleno. _9120527 |
| 245 | 1 | 3 | _aEl cultivo de maiz (Zea mays L.) y su problemática fitosanitaria en el área de influencia del Distrito de Desarrollo Rural III Texcoco |
| 260 |
_aChapingo, Méx. : _bEl autor, _c1988 |
||
| 300 | _a120 h. | ||
| 500 | _a28-194 | ||
| 502 | _aTesis (Ing. Agr. Esp. en Parasitología Agrícola) -- UACH. Departamento de Parasitología Agrícola | ||
| 590 |
_aALEPH _b10 _c20130110 _lUCH01 _h1401 |
||
| 590 |
_aBATCH-UPD _b10 _c20130110 _lUCH01 _h0640 |
||
| 590 |
_aBATCH-UPD _b10 _c20130110 _lUCH01 _h2313 |
||
| 590 |
_aBATCH-UPD _b10 _c20130410 _lUCH01 _h0324 |
||
| 590 |
_aBATCH-UPD _b10 _c20130914 _lUCH01 _h1722 |
||
| 590 |
_aCONVERSION _b10 _c20130109 _lUCH01 _h1337 |
||
| 650 | 1 | 4 |
_aDistrito de Desarrollo Rural Texcoco, Méx. _932816 |
| 650 | 1 | 4 |
_aMaíz _xPlagas. _971034 |
| 650 | 1 | 4 |
_aMaíz _zMéxico (Edo.). _971099 |
| 710 | 0 |
_aUACH. Departamento de Parasitología Agrícola. _9115877 |
|
| 901 | _aBK | ||
| 942 | _cTESIS | ||
| 949 |
_bBC _cTES _d-29883 _eTS1 _h21158 _i77021 _si |
||
| 999 |
_c66579 _d66579 |
||